Golf magazine (Record no. 117009)

MARC details
000 -LEADER
fixed length control field 01233cas a22003135a 4500
001 - CONTROL NUMBER
control field vtls003135294
003 - CONTROL NUMBER IDENTIFIER
control field MY-SjTCS
005 - DATE AND TIME OF LATEST TRANSACTION
control field 20200207085435.0
006 - FIXED-LENGTH DATA ELEMENTS--ADDITIONAL MATERIAL CHARACTERISTICS
fixed length control field m d ||||||
007 - PHYSICAL DESCRIPTION FIXED FIELD--GENERAL INFORMATION
fixed length control field cr anunnnuuuaa
008 - FIXED-LENGTH DATA ELEMENTS--GENERAL INFORMATION
fixed length control field 910514c19919999nyumr1p 0 a0eng d
022 0# - INTERNATIONAL STANDARD SERIAL NUMBER
International Standard Serial Number 1056-5493
Incorrect ISSN 0017-1808
035 ## - SYSTEM CONTROL NUMBER
System control number (EbpS)ebs717976
039 #9 - LEVEL OF BIBLIOGRAPHIC CONTROL AND CODING DETAIL [OBSOLETE]
Level of rules in bibliographic description 201212030900
Level of effort used to assign nonsubject heading access points pushpa
-- 200812260846
-- VLOAD
050 00 - LIBRARY OF CONGRESS CALL NUMBER
Classification number GV961
Item number .G623
245 00 - TITLE STATEMENT
Title Golf magazine
Medium [electronic resource].
246 17 - VARYING FORM OF TITLE
Title proper/short title Golf
260 ## - PUBLICATION, DISTRIBUTION, ETC.
Place of publication, distribution, etc. New York, N.Y. :
Name of publisher, distributor, etc. Times Mirror Magazines,
Date of publication, distribution, etc. c1991-
310 ## - CURRENT PUBLICATION FREQUENCY
Current publication frequency Monthly
362 0# - DATES OF PUBLICATION AND/OR SEQUENTIAL DESIGNATION
Dates of publication and/or sequential designation Vol. 33, no. 6 (June 1991)-
500 ## - GENERAL NOTE
General note Title from cover.
500 ## - GENERAL NOTE
General note Periodical
529 ## -
-- TSLHHL
530 ## - ADDITIONAL PHYSICAL FORM AVAILABLE NOTE
Additional physical form available note Online version of print publication.
650 #0 - SUBJECT ADDED ENTRY--TOPICAL TERM
Topical term or geographic name entry element Golf
Form subdivision Periodicals.
773 0# - HOST ITEM ENTRY
Title Academic Source Complete
Place, publisher, and date of publication Ipswich, MA : EBSCO Publishing, 1999-
780 00 - PRECEDING ENTRY
Title Golf (New York, N.Y. : 1986)
International Standard Serial Number 1056-5485
Record control number (DLC) 92644775
-- (OCoLC)17985150
856 40 - ELECTRONIC LOCATION AND ACCESS
Materials specified Full text available: Jan 2001-.
Public note Available on EBSCOhost.
Uniform Resource Identifier https://ezproxy.taylors.edu.my/login?url=https://search.ebscohost.com/direct.asp?db=a9h&jid=GOL
Holdings
Withdrawn status Lost status Damaged status Not for loan Home library Current library Date acquired Total Checkouts Date last seen Price effective from Koha item type
      e-journal Taylor's Library-TU Taylor's Library-TU 10/12/2025   10/12/2025 10/12/2025 Journals